Leggewie, Claus, 1950-. Der Kampf um die europäische Erinnerung. - München : Beck. - 2011 [Rezension]
| Titel: | Leggewie, Claus, 1950-. Der Kampf um die europäische Erinnerung. - München : Beck. - 2011 [Rezension] |
|---|---|
| Verfasser: | |
| In: |
Neue politische Literatur, Band 58, Heft 1 (2013), Seite 125-126 alle Artikel anzeigen |
| Veröffentlicht: | 2013 |
| Format: | Aufsatz |
| Sprache: | Deutsch |
X
alg: 39508743 001A $01999:12-11-16 001B $01999:04-08-21 $t21:04:21.000 001D $01999:12-11-16 001U $0utf8 001X $00 002@ $0Aox 003@ $0395087430 007A $0395087430 $aHEB 007T $0Herdc0096523m 010@ $ager 011@ $a2013 021A $aLeggewie, Claus, 1950-. Der @Kampf um die europäische Erinnerung. - München : Beck. - 2011 [Rezension] 028A $aBirn $dRuth Bettina 031A $d58 $e1 $h125-126 $j2013 039B $aIn $8--Abvc--. Neue politische Literatur. - Wiesbaden : Springer VS, 1956-. - ISSN 0028-3320 $x201300000580001875 $9046846980 039T $8--Aau--Leggewie, Claus$Z1950- [Tp1]. Der @Kampf um die europäische Erinnerung. - München : Beck, 2011. - 224 S.. - ISBN 978-3-406-60584-0 $9230218016 045F $a900.9437 $eDDC23BSB 045F/01 $a900 045F/03 $g437 045T $a3,6 lok: 39508743 78 exp: 39508743 78 1 #EPN 201B/01 $018-11-16 $t13:42:39.000 201U/01 $0utf8 203@/01 $0791386074 208@/01 $a12-11-16 $be 209A/01 $a/ $f000 $x00 220C/01 $aTitelaufnehmer: pg 220C/01 $aHerkunft: HI Marburg 244Z/01 $2Trx $#Kesk- ja Ida- Euroopa kontseptsioonid $#Vidurio Europos koncepcijos $#East-Central Europe $#Keletközépeurópa-eszmék $#Europa Środkowo-Wschodnia koncepcje $#Európa stredovýchodná koncepcie $#Evropa střední, východní část koncepce $#Mitteleuropa $#Osteuropakonzeptionen $#Europa Środkowa koncepcje $#Stredná Európa koncepcie $#Střední Europa koncepce $8--Trx--Ostmitteleuropakonzeptionen $x01 $9391364286 244Z/01 $2Trx $#arvustused $#recenzijos $#Reviews $#recenziók $#recenzje $#recenzie $#recenze $8--Trx--Rezensionen $x02 $9391357441 247C/01 $82080>Marburg/Lahn, Herder-Institut, Forschungsbibliothek, Bibliographieportal $9336309341
| LEADER | 00000caa a22000002c 4500 | ||
|---|---|---|---|
| 001 | 395087430 | ||
| 003 | DE-603 | ||
| 005 | 20210804210421.0 | ||
| 007 | tu | ||
| 008 | 161112s2013 xx |||| | u00||u|ger c | ||
| 035 | |a (DE-599)HEB395087430 | ||
| 040 | |a DE-603 |b ger |c DE-603 |d DE-603 | ||
| 041 | |a ger | ||
| 082 | 0 | 4 | |8 1\u |a 900.9437 |q DE-101 |2 23/BSB |
| 084 | |a 3,6 |2 ssgn | ||
| 085 | |8 1\u |b 900 | ||
| 085 | |8 1\u |z 2 |s 437 | ||
| 100 | 1 | |a Birn, Ruth Bettina | |
| 245 | 0 | 0 | |a Leggewie, Claus, 1950-. Der Kampf um die europäische Erinnerung. - München : Beck. - 2011 [Rezension] |
| 264 | 0 | |c 2013 | |
| 773 | 0 | 8 | |i In |t Neue politische Literatur |d Wiesbaden : Springer VS, 1956- |x 0028-3320 |g Band 58, Heft 1 (2013), Seite 125-126 |w (DE-603)046846980 |w (DE-600)3402-2 |
| 787 | 0 | 8 | |i Rezension von |a Leggewie, Claus, 1950- |t Der Kampf um die europäische Erinnerung |d München : Beck, 2011 |h 224 S. |z 9783406605840 |w (DE-603)230218016 |
| 924 | 0 | |9 2080 |a (DE-603)791386074 |b DE-2080 |c HES |d d |g / | |


